Представление документа в формате RUSMARC

ПолеНазваниеЗначение
  Тип записи a
  Библиографический уровень m
001 Контрольный номер RU/IS/BASE/355853900
005 Дата корректировки 20201206204800.9
010 Индекс ISBN __
a ISBN 5-699-16422-7
d Цена 110-00
101 Язык документа __
a Язык текста rus
c Язык оригинала lat
200 Заглавие и сведения об ответственности 1_
a Заглавие Жизнь двенадцати Цезарей
f Первые сведения об ответственности Гай Светоний Транквилл Светоний ; [пер. с лат. М. Л. Гаспарова]
b Общее обозначение материала Текст
210 Выходные данные __
a Место издания М.
c Издательство Эксмо
d Дата издания 2006
215 Физическое описание __
a Объем 608 c.
225 Серия __
a Серия Зарубежная классика
320 Библиография __
a Библиография Указ. имен: с. 565
330 Аннотация __
a Аннотация Памятник римской литературы освещает исторические события и детали из жизни двенадцати цезарей и представляет биографические сведения о каждом - от внешности и привычек до участия в важнейших событиях римской истории.
600 Персоналии __
a Персоналии (Фамилия) Юлий
600 Персоналии __
a Персоналии (Фамилия) Август
600 Персоналии __
a Персоналии (Фамилия) Тиберий
600 Персоналии __
a Персоналии (Фамилия) Калигула
600 Персоналии __
a Персоналии (Фамилия) Клавдий
600 Персоналии __
a Персоналии (Фамилия) Нерон
600 Персоналии __
a Персоналии (Фамилия) Гальба
600 Персоналии __
a Персоналии (Фамилия) Отон
600 Персоналии __
a Персоналии (Фамилия) Вителлий
600 Персоналии __
a Персоналии (Фамилия) Веспасиан
600 Персоналии __
a Персоналии (Фамилия) Тит
600 Персоналии __
a Персоналии (Фамилия) Домициан
606 Тематические рубрики __
a Основная рубрика История
z Хронологическая подрубрика 1 в.; 2 в.
y Географическая подрубрика Древний Рим
606 Тематические рубрики __
a Основная рубрика Древний мир
610 Ключевые слова __
a Ключевые слова античная история; римская история; императоры; полководцы; государственные деятели; политические деятели; трибуны; диктаторы; биографии; персоналии; древнеримская культура; древнеримский быт; древнеримская община; древнеримские нравы
686 Индексы других классификаций __
a Классификационный индекс 63.3(0)32-8
700 Автор _0
a Фамилия Светоний
g Полное личное имя Гай Светоний Транквилл
4 Код отношения 070
702 Вторичная интеллектуальная ответственность _1
a Фамилия Гаспаров
b Имя М.
4 Код отношения Переводчик
801 Источник записи _0
a Страна RU
b Организация Муниципальное бюджетное учреждение культуры "Централизованная библиотечная система" г. Сургут (Центральная городская библиотека им. А. С. Пушкина)
g Правила каталогизации КиК/Елгина
801 Источник записи _1
a Страна RU
b Организация Муниципальное бюджетное учреждение культуры "Централизованная библиотечная система" г. Сургут (Центральная городская библиотека им. А. С. Пушкина)
g Правила каталогизации КиК/Елгина
852 Данные о местонахождении __
j Шифр хранения 63.3(0)32-8
i Авторский знак С 24
901 Тип документа __
t Тип документа m
903 Характеристики (МАРС) __
a Дата передачи 20110411
990 Данные о заказе (DOS) __
j Количество экземпляров (DOS) 1
t N записи в КСУ для И/У (DOS) 201105